Financial analysis of a selected company diplomová práca

Enregistré dans:
Détails bibliographiques
Auteur principal: Líšková, Miriam
Collectivités auteurs: Národohospodárska fakulta EU. Katedra financií, University of Pavia. Department of Economics and Management
Autres auteurs: Jančovičová Bognárová, Kristína, 1979-
Format: Livre
Langue:anglais
Publié: Bratislava 2023
Tags: Ajouter un tag
Pas de tags, Soyez le premier à ajouter un tag!

MARC

LEADER 00000nbm a2200000 4500
001 0295493
005 20231124142620.8
041 0 |a eng 
044 |a SK 
245 1 0 |a Financial analysis of a selected company  |b diplomová práca  |c Miriam Líšková ; školiteľ: Kristína Jančovičová Bognárová 
264 1 |a Bratislava  |c 2023 
300 |a 109 s. 
100 1 |a Líšková, Miriam 
700 1 |a Jančovičová Bognárová, Kristína, 1979- 
710 2 |a Národohospodárska fakulta EU. Katedra financií 
710 2 |a University of Pavia. Department of Economics and Management